| 000 | 00893nam a2200277 a 4500 | ||
|---|---|---|---|
| 001 | 10179 | ||
| 003 | BD-RjUL | ||
| 005 | 20211208234915.0 | ||
| 008 | 140123s1958 nyua b 001 0 eng | ||
| 035 |
_a02-755 _a(BD-RjUL)10227 |
||
| 040 |
_aDLC _cDLC _dm.c _dm/c _dBD-RjUL _beng |
||
| 041 | _aeng | ||
| 082 |
_a546.3 _bBAM |
||
| 100 | 1 |
_aBasolo, Fred, _d1920-2007 _931434 |
|
| 245 | 1 | 0 |
_aMechanisms of inorganic reactions : _ba study of metal complexes in solution / _cFred Basolo and Ralph G. Pearson. |
| 260 |
_aNew York : _bWiley ; _aLondon : _bChapman Hall, _c1958. |
||
| 300 |
_axi, 426 p. : _bill. ; _c24 cm. |
||
| 504 | _aIncludes bibliographies and index. | ||
| 650 | 0 |
_aChemical reactions. _929171 |
|
| 650 | 0 |
_aChemistry, Inorganic. _931435 |
|
| 650 | 0 |
_aMetals. _931436 |
|
| 700 | 1 |
_aPearson, Ralph G. _931437 |
|
| 942 |
_2ddc _cBK |
||
| 999 |
_c10179 _d10179 |
||